000 00678nam a22002057a 4500
999 _c19707
_d19707
003 AR-CdUCM
008 190520b ||||| |||| 00| 0 spa d
040 _aMUNICIPALIDAD PROVINCIAL DEL CUSCO
_cBIBLIOTECA MUNICIPAL DEL CUSCO
082 _a869.508 /
_bM859
100 _aMorínico, Marcos Augusto
_941216
245 _aDiccionario de americanismos :
_bdirección, textos, prologo y bibliográfica /
260 _aBuenos Aires :
_bMuchbnik,
_c1966.
300 _a738 páginas ;
_c21 cm.
505 _aContenido: Diccionario.
650 _aDiccionario
_95196
650 _aBibliografias
_9991
650 _aArgentina
_9511
942 _2ddc
_cLIBROS
945 _adavv
_d2019-05-20